000 00415nam a2200181Ia 4500
001 10096
005 20260306161806.0
008 260306t2002||||xx |||||||||||||| ||spa||
041 _aESP
082 _a891.7
_bD11
100 _aD´Angelo, Biagio
_eAUT
245 0 _aMás allá de la estepa
260 _c2002
300 _a159 páginas :
_ccm.
650 _aGEN
654 _aCHU
942 _cLIB
_dJUS
_fJUS
_2ddc
_n
999 _c10096
_d10096